000 00943nam a2200241Ia 4500
003 OSt
005 20220930094723.0
006 a|||||r|||| 00| 0
007 ta
008 220926b |||||||| |||| 00| 0 hin d
024 _a1871
037 _cTheses
040 _aCRL
_cCRL
_bhin
041 _2hin
_ahin
100 _aस्नेह कुमारी
110 _aदिल्ली विश्वविद्यालय. कला संकाय. हिन्दी विभाग
245 0 _aरामचरितमानस के सीतेतर नारा पात्र
246 _aRāmacharitamānas ke sītetar nārā pātra
650 _aहिन्दी साहित्य
700 _aदिल्ली विश्वविद्यालय. कला संकाय. हिन्दी विभाग
942 _cDIS
_2CC
999 _c887557
_d887557